书目信息 |
| 题名: |
EDA技术与VHDL
|
|
| 作者: | 黄继业 , 潘松 编著 | |
| 分册: | ||
| 出版信息: | 北京 清华大学出版社 2007 |
|
| 页数: | 10,401页 | |
| 开本: | 26cm | |
| 丛书名: | ||
| 单 册: | ||
| 中图分类: | TN702 , TP312 , TN702 | |
| 科图分类: | ||
| 主题词: | 硬件描述语言,VHDL--程序设计 , 电子电路--电路设计:计算机辅助设计 , 电子电路 | |
| 电子资源: | ||
| ISBN: | 978-7-302-14357-4 | |
| 000 | 01185nam0 2200325 450 | |
| 000 | 01139nam0 2200301 450 | |
| 000 | 01071nam0 2200277 450 | |
| 000 | 01034nam0 2200265 450 | |
| 005 | 20070606170122.46 | |
| 010 | @a978-7-302-14357-4@dCNY33.00 | |
| 100 | @a20070129d2007 am y0chiy0120 eb | |
| 101 | 0 | @achi |
| 102 | @aCN@b110000 | |
| 105 | @aa 000yy | |
| 200 | 1 | @aEDA技术与VHDL@AEDA Ji Shu Yu VHDL@b专著@e第2版@EDi 2 Ban@f潘松,黄继业编著@FPan Song , Huang Ji Ye Bian Zhu |
| 205 | @a2版 | |
| 210 | @a北京@c清华大学出版社@d2007 | |
| 215 | @a10,401页@c图@d26cm | |
| 300 | @a高等学校电子科学与工程教材 | |
| 330 | @a本书系统地介绍了EDA技术和硬件描述语言VHDL,将VHDL的基础知识、编程技巧和实用方法与实际工程开发技术在先进的EDA设计平台Quartus II上很好地结合起来,使读者能通过本书的学习迅速地了解并掌握EDA技术的基本理论和工程开发实用技术。 | |
| 606 | 0 | @a硬件描述语言,VHDL@x程序设计 |
| 606 | 0 | @a电子电路@x电路设计:计算机辅助设计 |
| 606 | 0 | @a电子电路 |
| 690 | @aTN702@v4 | |
| 690 | @aTP312@v4 | |
| 690 | @aTN702@v3 | |
| 701 | 0 | @a黄继业@AHuang Ji Ye@4编著 |
| 701 | 0 | @a潘松@APan Song@4编著 |
| 801 | 0 | @aCN@bTAOJIN@c20070606 |
| 905 | @a10447@dTN702@e228=2 | |
| EDA技术与VHDL:第2版/潘松,黄继业编著.-2版.-北京:清华大学出版社,2007 |
| 10,401页:图;26cm |
| 高等学校电子科学与工程教材 |
| ISBN 978-7-302-14357-4:CNY33.00 |
| 本书系统地介绍了EDA技术和硬件描述语言VHDL,将VHDL的基础知识、编程技巧和实用方法与实际工程开发技术在先进的EDA设计平台Quartus II上很好地结合起来,使读者能通过本书的学习迅速地了解并掌握EDA技术的基本理论和工程开发实用技术。 |
| ● |
| 相关链接 |
|
|
|
|
正题名:EDA技术与VHDL
索取号:TN702/228=2
 
预约/预借
| 序号 | 登录号 | 条形码 | 馆藏地/架位号 | 状态 | 备注 |
| 1 | 0526611 | 205266111 | 第二样本阅览室/ [索取号:TN702/228=2] | 在馆 | |
| 2 | 0526612 | 205266120 | 第三借阅区/ [索取号:TN702/228=2] | 在馆 | |
| 3 | 0526613 | 205266139 | 第三借阅区/ [索取号:TN702/228=2] | 在馆 | |
| 4 | 0526614 | 205266148 | 第三借阅区/ [索取号:TN702/228=2] | 在馆 | |
| 5 | 0526615 | 205266157 | 第三借阅区/ [索取号:TN702/228=2] | 在馆 | |
| 6 | 0526616 | 205266166 | 第三借阅区/ [索取号:TN702/228=2] | 在馆 | |
| 7 | 0526617 | 205266175 | 第三借阅区/ [索取号:TN702/228=2] | 在馆 | |
| 8 | 0526618 | 205266184 | 第三借阅区/ [索取号:TN702/228=2] | 在馆 |